|
|
|
|
| LEADER |
01385nam a22003614a 4500 |
| 001 |
EBC243003 |
| 003 |
MiAaPQ |
| 005 |
20200520144314.0 |
| 006 |
m o d | |
| 007 |
cr cn||||||||| |
| 008 |
040503s2005 nyu s 001 0 eng |
| 010 |
|
|
|z 2004010295
|
| 020 |
|
|
|z 0814408397 (hardcover)
|
| 035 |
|
|
|a (MiAaPQ)EBC243003
|
| 035 |
|
|
|a (Au-PeEL)EBL243003
|
| 035 |
|
|
|a (CaPaEBR)ebr10075561
|
| 035 |
|
|
|a (OCoLC)57032517
|
| 040 |
|
|
|a MiAaPQ
|c MiAaPQ
|d MiAaPQ
|
| 050 |
|
4 |
|a HC415.25
|b .C37 2005
|
| 082 |
0 |
4 |
|a 658.4/73
|2 22
|
| 100 |
1 |
|
|a Carrison, Dan.
|
| 245 |
1 |
0 |
|a Business under fire
|h [electronic resource] :
|b how Israeli companies are succeeding in the face of terror--and what we can learn from them /
|c Dan Carrison.
|
| 260 |
|
|
|a New York :
|b AMACOM, American Management Association,
|c c2005.
|
| 300 |
|
|
|a viii, 227 p.
|
| 500 |
|
|
|a Includes index.
|
| 533 |
|
|
|a Electronic reproduction. Ann Arbor, MI : ProQuest, 2015. Available via World Wide Web. Access may be limited to ProQuest affiliated libraries.
|
| 650 |
|
0 |
|a Corporations
|x Security measures
|z Israel.
|
| 650 |
|
0 |
|a Terrorism
|z Israel
|x Prevention.
|
| 650 |
|
0 |
|a Executives
|z Israel
|v Interviews.
|
| 651 |
|
0 |
|a Israel
|x Economic conditions.
|
| 655 |
|
4 |
|a Electronic books.
|
| 710 |
2 |
|
|a ProQuest (Firm)
|
| 856 |
4 |
0 |
|u https://ebookcentral.proquest.com/lib/matrademy/detail.action?docID=243003
|z Click to View
|